000 00657nam a22002057i 4500
999 _c23218
_d23218
003 AR-CdUCM
008 250224b20232023ii ||||| |||| 00| 0 spa d
020 _a978-9974-744-67-1
040 _aMUNICIPALIDAD PROVINCIAL DEL CUSCO
_cBIBLIOTECA MUNICIPAL DEL CUSCO
041 _hspa
082 _aPI /303 / B85
_bB85
110 _aBrijbasi Art Press Limited
_951036
245 _aAkin el León :
_bHistorias de animales /
260 _bLatinbooks International S.A.
_c2023
300 _a10 páginas. :
_c30x20 cm.
505 _aHistorias de Animales -- Akin el león
856 _fwww.latinbooksint.com
942 _2ddc
_cLIBROS
945 _apbjr
_d24-02-2025